| 000 | 00738nam a2200217 4500 | ||
|---|---|---|---|
| 999 |
_c2676 _d2676 |
||
| 001 | 2676 | ||
| 003 | BD-JhCC | ||
| 005 | 20200212134008.0 | ||
| 008 | 171105s1370 bg |||| |||| 000 0 ben d | ||
| 035 | _a(BD-JhCC)2676 | ||
| 040 |
_aBD-JhCC _dBD-JhCC |
||
| 041 | _aben | ||
| 082 |
_a491.443 _bCHA 1370 |
||
| 100 | _aচট্টপাধ্যায়, শরৎচন্দ্র | ||
| 245 |
_aবৈকুন্ঠের উইল / _cশরৎচন্দ্র চট্টপাধ্যায় |
||
| 260 |
_aঢাকা : _bষ্ট্যান্ডার্ড পাবলিশার্স লিমিটেড, _c1370. |
||
| 300 |
_a89 p. : _c17 cm. |
||
| 650 | _aBengali Novel | ||
| 942 |
_2ddc _cBK _02 |
||